Transforming psychology (0 19 507466 1)

Spremljeno u:
Bibliografski detalji
Glavni autor: STEPHANIE RIGER
Format: Knjiga
Jezik:Undetermined
Izdano: Oxford 2000
Oznake: Dodaj oznaku
Bez oznaka, Budi prvi tko označuje ovaj zapis!
Thư viện lưu trữ: Trung tâm Học liệu Trường Đại học Cần Thơ
LEADER 00392nam a2200145Ia 4500
001 CTU_49505
008 210402s9999 xx 000 0 und d
082 |a 150.82 
082 |b R568 
100 |a STEPHANIE RIGER 
245 0 |a Transforming psychology (0 19 507466 1) 
245 0 |c STEPHANIE RIGER 
260 |b Oxford 
260 |c 2000 
980 |a Trung tâm Học liệu Trường Đại học Cần Thơ